000 00773cam a2200241 a 4500
001 000005095
005 20200929151558.0
008 971028t19971996mx f000 p spa d
020 _a9682996872
040 _aDO-SdBNP
_bspa
_cBNPHU
082 _aMe861.44
_bL486f
100 1 _aLeñero, Carmen,
_d1959-
_914622
245 1 3 _aLa fiera transparente /
_cCarmen Leñero.
260 _aMéxico :
_bConsejo Nacional para la Cultura y las Artes,
_c1997.
300 _a84 p. ;
_c21 cm.
490 1 _aPráctica mortal
500 _aIncluye datos biográficos de la autora en la solapa de la portada.
650 4 _aPoesía mexicana
_99120
650 4 _aLiteratura mexicana
_91922
830 0 _aPráctica mortal
_914623
910 _aCatalogación por copia / LC
049 _aBNGR
999 _c4898
_d4898